000
00257 a2200097 4500
001
41641
100
_a
Hornby A S
245
_a
Oxford Advanced Learner's Dictionary of Current English
260
_a
Oxfor
_b
Oxford University Press
_c
090
_c
25777
_d
25777
942
_a
NUST-CAE
_c
M
_c
17532
999
_c
276714
_d
276714